000 00639nam a2200181Ia 4500
003 GCL
008 140319s9999 xx 000 0 ara d
040 _aGCL /
_cGCL
082 0 4 _a253.9
_bخ ن
100 1 _aالخطيب السيد محمد صالح بن الحج
245 1 0 _aالنمارق الفاخرة الى طرائق الاخرة /
_cالخطيب السيد محمد صالح بن الحج
260 _a[S.N] :
_bمؤسسة الاعلى للمطبوعات ،
_c1988
490 _a
650 0 4 _aالاسلام
650 0 4 _aالاخلاق الاسلامية
650 0 4 _aالاداب الاسلامية
942 _2ddc
_cBK
999 _c29865
_d29865